|
|
|
|
| LEADER |
01094nam a22002771 4500 |
| 001 |
28702 |
| 003 |
BD-DhAAL |
| 005 |
20141217124319.0 |
| 008 |
141217r19541944nyu 000 1 eng |
| 010 |
|
|
|a 44008970
|
| 035 |
|
|
|a (OCoLC)1435925
|
| 040 |
|
|
|a DLC
|c FO
|d OCoLC
|d ICFC
|d OCoLC
|d DLC
|d BD-DhAAL
|
| 050 |
0 |
0 |
|a PZ3.G1714
|b Caai
|a PS3513.A6322
|
| 082 |
0 |
0 |
|2 20
|a 813/.54
|
| 100 |
1 |
|
|a Gardner, Erle Stanley,
|d 1889-1970.
|9 6851
|
| 245 |
1 |
4 |
|a The case of the black-eyed blonde.
|
| 260 |
|
|
|a New York,
|b W. Morrow and Company,
|c 1944 [reprinted 1954].
|
| 300 |
|
|
|a 219 p. ;
|c 20 cm.
|
| 541 |
|
|
|e 28702
|
| 650 |
|
0 |
|a Mason, Perry (Fictitious character)
|x Fiction.
|9 6852
|
| 650 |
|
0 |
|a Trials (Murder)
|v Fiction.
|9 6853
|
| 655 |
|
7 |
|a Detective and mystery stories.
|2 gsafd
|9 6854
|
| 655 |
|
7 |
|a Legal stories.
|2 gsafd
|9 6258
|
| 942 |
|
|
|2 ddc
|c BK
|
| 999 |
|
|
|c 33311
|d 33311
|
| 952 |
|
|
|0 0
|1 0
|2 ddc
|4 1
|6 813_540000000000000_GAR
|7 0
|9 44489
|a BRACUL
|b BRACUL
|d 2014-12-17
|e BRAC Institute of Language (BIL)
|l 2
|m 35
|o 813.54 GAR
|p 3010028702
|r 2024-11-12
|s 2024-10-05
|t 1
|w 2014-12-17
|y BK
|x Transferred from BIL to BRACUL on 06/06/22
|